The European Commission and the integration of Europe : images of governance

Αποθηκεύτηκε σε:
Λεπτομέρειες βιβλιογραφικής εγγραφής
Κύριος συγγραφέας: Hooghe, Liesbet
Μορφή: Βιβλίο
Γλώσσα:English
Δημοσίευση: Cambridge ; New York : Cambridge University Press, c2001.
Σειρά:Themes in European governance
Θέματα:
Ετικέτες: Προσθήκη ετικέτας
Δεν υπάρχουν, Καταχωρήστε ετικέτα πρώτοι!

MARC

LEADER 00000cam a2200000 i 4500
001 1/50048
008 070906s2001 enk| ||| |||| ||eng||
020 |a 0521001439   |q (χαρτόδετο) 
035 |l 10089355 
040 |a GR-MyUa  |b gre  |e AACR2 
041 0 |a eng 
082 7 |a 341.242   |2 (22) 
100 1 |a Hooghe, Liesbet. 
245 1 4 |a The European Commission and the integration of Europe :   |b images of governance /   |c Liesbet Hooghe. 
260 |a Cambridge ;   |a New York :   |b Cambridge University Press,   |c c2001. 
300 |a xi, 279279 σ. ;   |c 23 εκ. 
490 1 |a (Themes in European governance) 
504 |a Βιβλιογραφία: σ. 249-272. Ευρετήριο. 
610 2 0 |a European Commission. 
610 2 0 |a European Union. 
650 0 |a European federation. 
830 0 |a Themes in European governance 
852 |a INST  |b CHIOS  |e 20070801  |h 341.242 HOO  |p 005200025718  |q 005200025718  |t BK  |y 0 
901 |a BIBL2-2007-3 
922 |a 2ΕΛΗ  |b 200707  |c ΕΠΕΑΕΚ2/ΤΝΕΥ  |d Ελευθερουδάκης 
970 |a Ατσαλή  |b Δέσποινα  |z 06/09/2007